000 00747nam a2200229Ia 4500
003 GCL
008 140319s9999 xx 000 0 ara d
040 _aGCL /
_cGCL
082 0 4 _aم
_b939.403
_bهـ م
100 1 _aهنرى س. عبودى
245 1 0 _aمعجم الحضارات السامية /
_cهنرى س. عبودى
260 _a[S.N] :
_bجروس برس ،
_c1991
300 _a1042 ص
490 _aماذا اعرف
_v0
650 0 4 _aالحضارة العربية الاسلامية - المعارف البحرية
650 0 4 _aالمعاجم
650 0 4 _aالحضارة الفرعونية
650 0 4 _aالحضارة القديمة
650 0 4 _aالسامية
650 0 4 _aالشرق القديم
942 _2ddc
_cREF
999 _c59603
_d59603